Патилата на Мечо Клепоушко (Запис номер 148783)
[ съкратено ]
| 000 -Лидер | |
|---|---|
| Контролно поле с фиксирана дължина | 01375nam a2200325 c 4500 |
| 003 - Код на организацията, давaща контролен номер | |
| Контролно поле | BLK |
| 005 - Дата и час на последна редакция | |
| Контролно поле | 20230728115833.0 |
| 008 - Елементи от данни с фиксирана дължина | |
| fixed length control field | 180410b bul|||||r ||||||| ||bul|| |
| 010 ## - Наследен системен номер | |
| LC control number | KNG00155011000 |
| 040 ## - Източник на каталожния запис | |
| Идентификатор на билиотеката - собственик на записа | BLK |
| 041 ## - Код за език | |
| Код за езика на текст/звукозапис или на отделно заглавие | Български |
| Код за езика КДБФ | Български |
| 080 ## - УДК | |
| Текстов определител УДК | Полска литература |
| УДК код - определител по УДК | 821.162.1 |
| УДК определител | -93-34 |
| УДК - код + определител | 821.162.1-93-34 |
| 100 1# - Редна дума - Автор | |
| Автор | Янчарски, Чеслав |
| Авторска отговорност | първи автор |
| R(LIN) | 145960 |
| 139 ## - Редно поле | |
| Редна дума | Янчарски, Чеслав |
| Авторски знак | Янч - Я 71 |
| 245 10 - Сведения за заглавието | |
| Заглавие | Патилата на Мечо Клепоушко |
| Подзаглавни данни | Приказка |
| Редно поле (дума) | Чеслав Янчарски; прев. от пол. Катя Георгиева; прев. от пол. Райна Цветкова; ил. Збигнев Рихлицки. |
| 257 ## - Страна на издаване | |
| Страна на създаване/издаване | Полша |
| 260 ## - Област на издателските данни | |
| -- | София |
| Име на издателя, разпространителя и проч. | Нар. култура |
| Година на издаване | 1961 |
| 300 ## - Физическа характеристика | |
| Страници | 68 с. |
| Илюстрации и др. | с ил. |
| Размери/Мащаб | 27 см |
| 380 ## - Жанр | |
| Жанр | Детска худож. лит. |
| 500 ## - Общи забележки | |
| Забележка | 70 080 тир. |
| 700 1# - Други автори (авторска отговорност) | |
| Лично име | Георгиева, Катя |
| Автороска отговорност (Описва отношението между автора и произведението) | прев. от пол. |
| 9 (RLIN) | 363907 |
| 700 1# - Други автори (авторска отговорност) | |
| Лично име | Цветкова, Райна |
| Автороска отговорност (Описва отношението между автора и произведението) | прев. от пол. |
| 9 (RLIN) | 380140 |
| 700 1# - Други автори (авторска отговорност) | |
| Лично име | Рихлицки, Збигнев |
| Автороска отговорност (Описва отношението между автора и произведението) | ил. |
| 9 (RLIN) | 330137 |
| 852 ## - Местоположение | |
| Форматна сигнатура | Цб ІІ 19145 |
| 856 4# - Електронен адрес и достъп | |
| Електронен формат | pdf - файл |
| Път до файла /url/ | |
| 856 4# - Електронен адрес и достъп | |
| Електронен формат | pdf - файл |
| Път до файла /url/ | |
| 942 ## - АРТИКУЛИ | |
| Вид на библиотечния материал | Книги |
| Скрит в OPAC | Не |
| Koha issues (borrowed), all copies | 2 |
| 944 ## - СЪЗДАВАНЕ И РЕДАКЦИЯ на ЗАПИСА | |
| Създаване/Редакция | Създаване |
| Дата на регистрацията/редакция | 27.12.2013 |
| Статус, дата на статуса | Русанова Ирена |
| Служител, извършил регистрацията/редакцията | 30542 |
| 944 ## - СЪЗДАВАНЕ И РЕДАКЦИЯ на ЗАПИСА | |
| Създаване/Редакция | Редакция |
| Дата на регистрацията/редакция | 27.12.2013 |
| Статус, дата на статуса | 27.12.2013 - от С1,Р / 27.12.2013 |
| Служител, извършил регистрацията/редакцията | |
| 999 ## - СИСТЕМНИ КОНТРОЛНИ НОМЕРА | |
| Koha biblionumber | 148783 |
| Koha biblioitemnumber | 148783 |
| Код за отписване | Код за изгубен артикул | Източник на класификационната схема | Код за повреда | Коз за рестрикции | Код за отдаване | Артикулен № | Име на библиотеката - собственик | Име на библиотеката, в която се намира в момента | Статус (Текущо местоположение) | Дата на вписване в системата | Местоположение - отдел | Цена в лева | Инвентарен номер | Систематично азбучна сигнатура | Баркод | Номер на екземпляра | Цена в евро | Служебна бележка | Служебен тип на артикула |
|---|---|---|---|---|---|---|---|---|---|---|---|---|---|---|---|---|---|---|---|
| Не е изгубен | Universal Decimal Classification | Не е повреден | само за читалня | ползва се в читалня | 247890 | Регионална библиотека "Любен Каравелов" Русе | Регионална библиотека "Любен Каравелов" Русе | Хранилище | 1961-01-01 | Хранилище | 0.87 | 3508/62 | Цб ІІ 19145 | 900000038242 | 1 | 0.44 | N: стар фонд Дата: 01.01.1961 | Книги | |
| Изтеглен | Не е изгубен | Universal Decimal Classification | Не е повреден | без рестрикции | заемане за дома | 247891 | Регионална библиотека "Любен Каравелов" Русе | Регионална библиотека "Любен Каравелов" Русе | Детски отдел | 1961-01-01 | Детски отдел | 0.87 | 1161/62 | ДХ 820/899/Я 71 | 1161/62 | 2 | 0.44 | N: стар фонд Дата: 01.01.1961 Дата инв: 14.08.2015 Бележки инв: Д2015 | Книги |
| Не е изгубен | Universal Decimal Classification | Не е повреден | без рестрикции | заемане за дома | 247892 | Регионална библиотека "Любен Каравелов" Русе | Регионална библиотека "Любен Каравелов" Русе | Детски отдел | 1961-01-01 | Детски отдел | 0.87 | 5240/62 | ДХ 820/899/Я 71 | 900000103180 | 3 | 0.44 | N: стар фонд Дата: 01.01.1961 Дата инв: 17.09.2015 Бележки инв: Д2015 | Книги | |
| Изтеглен | Не е изгубен | Universal Decimal Classification | Не е повреден | без рестрикции | заемане за дома | 247893 | Регионална библиотека "Любен Каравелов" Русе | Регионална библиотека "Любен Каравелов" Русе | Детски отдел | 1961-01-01 | Детски отдел | 0.40 | 633417 | ДХ 820/899/Я 71 | 633417 | 4 | 0.20 | N: стар фонд Дата: 01.01.1961 Дата инв: 17.09.2015 Бележки инв: Д2015 | Книги |
| Изтеглен | Не е изгубен | Universal Decimal Classification | Не е повреден | без рестрикции | заемане за дома | 247894 | Регионална библиотека "Любен Каравелов" Русе | Регионална библиотека "Любен Каравелов" Русе | Детски отдел | 1961-01-01 | Детски отдел | 0.40 | 633418 | ДХ 820/899/Я 71 | 633418 | 5 | 0.20 | N: стар фонд Дата: 01.01.1961 Дата инв: 17.09.2015 Бележки инв: Д2015 | Книги |